Click to Translate - Vietnamese - Statistics

General Stats
  • This quiz has been taken 873 times
  • The average score is 12 of 20
Answer Stats
Hint Answer % Correct
Hello Xin chào
81%
Thank you Cảm ơn
72%
Mother Mẹ
71%
Four Bốn
67%
Water Nước
67%
No Không
66%
Goodbye Tạm biệt
66%
Today Hôm nay
63%
Wednesday Thứ Tư
63%
Yes Vâng
62%
Black Đen
61%
Book Sách
61%
Tree Cây
60%
Read Đọc
60%
Horse Ngựa
58%
Hour Giờ
57%
Sun Mặt trời
52%
Easy Dễ
51%
Near Gần
51%
On Trên
47%
No matching quizzes found
Score Distribution
Percent of People with Each Score
Percentile by Number Answered
Your Score History
You have not taken this quiz